| 000 | 00549nam a2200229 a 4500 | ||
|---|---|---|---|
| 999 |
_c1392 _d1392 |
||
| 001 | 1392 | ||
| 003 | BD-JhCC | ||
| 005 | 20171018191024.0 | ||
| 008 | 171018s1994 bg ||||| |||| 00| 0 eng d | ||
| 020 | _a9844120365 | ||
| 035 | _a(BD-JhCC) 1392 | ||
| 040 |
_aBD-JhCC _dBD-JhCC |
||
| 041 | _aeng | ||
| 082 |
_a891.443 _bAHM 1994 |
||
| 100 | _aAhmed, Humayun | ||
| 245 |
_aFlowers of Flame / _cHumayun Ahmed |
||
| 260 |
_aDhaka : _bAnanna, _c1994. |
||
| 300 |
_a78 p. : _c21 cm |
||
| 650 | _aBengali Novel | ||
| 942 |
_2ddc _cBK |
||